MARC details
| 000 -CABECERA |
| campo de control de longitud fija |
01243nam a2200265 a 4500 |
| 001 - NÚMERO DE CONTROL |
| campo de control |
000037437 |
| 005 - FECHA Y HORA DE LA ÚLTIMA TRANSACCIÓN |
| campo de control |
20250721105520.0 |
| 008 - DATOS DE LONGITUD FIJA--INFORMACIÓN GENERAL |
| campo de control de longitud fija |
120418s2003 sp ac 000 0 spa d |
| 020 ## - NÚMERO INTERNACIONAL ESTÁNDAR DEL LIBRO |
| Número Internacional Estándar del Libro |
840008134x |
| 040 ## - FUENTE DE LA CATALOGACIÓN |
| Centro catalogador/agencia de origen |
DO-SdBNP |
| Lengua de catalogación |
spa |
| Centro/agencia transcriptor |
BNPHU |
| 082 ## - NÚMERO DE LA CLASIFICACIÓN DECIMAL DEWEY |
| Número de clasificación |
352.16098 |
| Número de documento/Ítem |
E56m |
| 111 1# - ENTRADA PRINCIPAL--NOMBRE DE CONGRESO/REUNIÓN |
| Nombre de congreso/reunión o jurisdicción como elemento de entrada |
Encuentro con la Solidaridad |
| Número del congreso/reunión o número de parte o sección |
(1 : |
| Fecha del congreso/reunión |
2003: |
| Sede del congreso/Lugar de la reunión |
Sevilla, España) |
| 9 (RLIN) |
63881 |
| 245 10 - MENCIÓN DE TÍTULO |
| Título |
Municipios y administración : |
| Resto del título |
estudios sobre cooperación con América Latina / |
| Mención de responsabilidad, etc. |
coordinador J. Raúl Navarro García ; prólogo Jesús Raúl Navarro García. |
| 260 ## - PUBLICACIÓN, DISTRIBUCIÓN, ETC. |
| Lugar de publicación, distribución, etc. |
Sevilla : |
| Nombre del editor, distribuidor, etc. |
CSIC, |
| Fecha de publicación, distribución, etc. |
2003. |
| 300 ## - DESCRIPCIÓN FÍSICA |
| Extensión |
218 p. : |
| Otras características físicas |
il., retrs. ; |
| Dimensiones |
22 cm. |
| 490 1# - MENCIÓN DE SERIE |
| Mención de serie |
Publicaciones de la Escuela de Estudios Hispano-Americanos |
| -- |
Difusión y estudio |
| Designación de volumen o secuencia |
425 |
| 504 ## - NOTA DE BIBLIOGRAFÍA, ETC. |
| Nota de bibliografía, etc. |
Incluye referencias bibliográficas y notas al pie de las páginas. |
| 650 #0 - PUNTO DE ACCESO ADICIONAL DE MATERIA--TÉRMINO DE MATERIA |
| Término de materia o nombre geográfico como elemento de entrada |
Gobierno municipal |
| 9 (RLIN) |
17207 |
| 650 #4 - PUNTO DE ACCESO ADICIONAL DE MATERIA--TÉRMINO DE MATERIA |
| Término de materia o nombre geográfico como elemento de entrada |
Cooperación intergubernamental |
| 9 (RLIN) |
11069 |
| 650 #0 - PUNTO DE ACCESO ADICIONAL DE MATERIA--TÉRMINO DE MATERIA |
| Término de materia o nombre geográfico como elemento de entrada |
Gobierno municipal |
| 9 (RLIN) |
17207 |
| 700 12 - PUNTO DE ACCESO ADICIONAL--NOMBRE DE PERSONA |
| Nombre de persona |
Navarro García, Jesús Raúl |
| Término indicativo de función/relación |
pról. |
| 9 (RLIN) |
17794 |
| 710 2# - PUNTO DE ACCESO ADICIONAL--NOMBRE DE ENTIDAD CORPORATIVA |
| Nombre de entidad corporativa o nombre de jurisdicción como elemento de entrada |
Consejo Superior de Investigaciones Científicas |
| 9 (RLIN) |
4786 |
| 830 #0 - PUNTO DE ACCESO ADICIONAL DE SERIE-TÍTULO UNIFORME |
| Título uniforme |
Publicaciones de la Escuela de Estudios Hispano-Americanos de la Universidad de Sevilla |
| Nombre de parte o sección de la obra |
Difusión y estudio |
| 9 (RLIN) |
63882 |
| 910 ## - DATOS DE OPCIÓN DEL USUARIO (OCLC) |
| Datos de opción del usuario |
Validado. Control de calidad MFF |